Öğretmen yetiştirmede kalite sorunları çalıştayı (Record no. 6255)
[ view plain ]
| 000 -BAŞLIK | |
|---|---|
| Sabit Uzunlukta Kontrol Alanı | 01049na a2200277 4500 |
| 001 - KONTROL NUMARASI | |
| Denetim Alanı | 20309 |
| 003 - KONTROL NUMARASI IDENTIFIER | |
| Denetim Alanı | MIRAKIL |
| 005 - SON İŞLEM TARİHİ VE ZAMANI | |
| Denetim Alanı | 20181213155101.0 |
| 008 - SABİT-BOY VERİ ELEMANLARI - GENEL BİLGİLER | |
| Sabit Uzunlukta Kontrol Alanı | 170117b tu 000 0 |
| 040 ## - KATALOGLAMA KAYNAK | |
| Orijinal Kataloglama Ajansı | Milas |
| Kataloglama Dili | tur |
| Metne Dönüştürmek Ajansı | TR-AnCHP |
| 041 ## - DİL KODU | |
| Metin / Ses Parça Veya Ayrı Başlığın Dil Kodu | tur |
| 082 ## - DEWEY ONLU SINIFLANDIRMA NUMARASI | |
| Sınıflandırma Numarası | 370.71 |
| Ürün Numarası | Ö36 2005 |
| 090 ## - SINIFLAMA NUMARASI | |
| Sınıflama Numarası | 370.71 Ö36 2005 |
| 111 ## - ANA GİRİŞ - TOPLANTI ADI | |
| Giriş Elemanı Olarak Toplantı Adı Veya Yargı Alanı Adı | Öğretmen Yetiştirmede Kalite Sorunları Çalıştayı |
| Toplantının Yeri | Ankara |
| Toplantı Veya Antlaşma İmzalandığı Tarihi | 2005 |
| 245 ## - BAŞLIK TABLOSU | |
| Başlık | Öğretmen yetiştirmede kalite sorunları çalıştayı |
| Başlığın Kalan | 1-3 Mart 2005 |
| Sorumluluk Tablosu, Vb | Ankara Üniversitesi Eğitim Bilimleri Fakültesi; yayıma hazırlayan Hayat Boz, Cem Babadoğan |
| 260 ## - YAYIN, DAĞITIM, VB | |
| Yayın, Dağıtım, Vb Yeri | Ankara |
| Yayıncı, Dağıtıcı, Vs Adı | Ankara Üniversitesi |
| Yayın, Dağıtım, Vb Tarihi | 2005 |
| 300 ## - FİZİKSEL TANIM | |
| Kapsam | 88 s. |
| Diğer Fiziksel Ayrıntıları | res. |
| Boyutlar | 24 sm. |
| 500 ## - GENEL NOT | |
| Genel Not | Ankara Üniversitesi Eğitim Bilimleri Fakültesi 40. Yıl |
| 650 ## - KONU KATMA GİRİŞ - TOPİKAL DÖNEM | |
| Topikal Süreli Veya Coğrafi Ad Giriş Elemanı | Öğretmen eğitimi |
| Genel Alt Bölümü | Toplantılar |
| 650 ## - KONU KATMA GİRİŞ - TOPİKAL DÖNEM | |
| Topikal Süreli Veya Coğrafi Ad Giriş Elemanı | Eğitim |
| Genel Alt Bölümü | Öğretmenler |
| Kronolojik Alt Bölümü | Toplantılar |
| 650 ## - KONU KATMA GİRİŞ - TOPİKAL DÖNEM | |
| Topikal Süreli Veya Coğrafi Ad Giriş Elemanı | Öğretmen yetiştirme |
| Genel Alt Bölümü | Sorunlar |
| Kronolojik Alt Bölümü | Toplantılar |
| 700 ## - KATMA GİRİŞ - KİŞİSEL İSİM | |
| Kişisel Ad | Babadoğan, Cem |
| 700 ## - KATMA GİRİŞ - KİŞİSEL İSİM | |
| Kişisel Ad | Boz, Hayat |
| 710 ## - KATMA GİRİŞ - KURUMSAL ADI | |
| Giriş Elemanı Olarak Kurumsal Ad Veya Yargı Alanı Adı | Ankara Üniversitesi Eğitim Bilimleri Fakültesi |
| 942 ## - EKLENDİ GİRİŞ ELEMANLARI (KOHA) | |
| Sınıflandırma Veya Raf Düzeni Kaynak | Dewey Decimal Classification |
| Koha Öğesi Türü | Books |
| 999 ## - SİSTEM KONTROL NUMARALARI (KOHA) | |
| Koha Biblionumber | 6255 |
| Koha Biblioitemnumber | 6255 |
| Kalıcı Konum | Mevcut Konum | Edinme Tarihi | Edinim Kaynak | Toplam Check-Out'Lar | Tam Çağrı Numarası | Barkod | Tarih Son Görülme | İtibaren Geçerli Fiyatlar | Koha Öğesi Türü |
|---|---|---|---|---|---|---|---|---|---|
| CHP Kütüphanesi | CHP Kütüphanesi | 01/17/2017 | Bağış | 370.71 Ö36 2005 | 012502 | 01/17/2017 | 01/17/2017 | Books |
